000 00511cam a2200193ua 4500
001 2955
008 110921n ii |||gr||||Z||||||asm
040 _cMAIN
082 _a920
100 _aBezbaroa, Lakshminath,
_eAuthor.
245 1 1 _aMor jivan sowaran
_cby Lakshminath Bezbaroa
250 _a3rd.
260 _aJorhat:
_bAsam Sahitya sabha,968.
300 _a254p:
_c23cm.
653 _aBiography
653 _aBiography of Mor jivan sowaran
700 _aGoswami, Jatindranath,
_eCollector.
942 _cBK
999 _c2803
_d2803